History Quiz

Random History or Politics Quiz

World Leaders A-Z Quiz Stats

Quiz Updated Jun 21, 2015

Challenge
Share
Tweet
Score 0/26 Timer 06:00
1 Play Today
% Correct
Barack Obama
97.1%
Elizabeth I
97.1%
George Washington
95.2%
Vladimir Lenin
93.9%
Theodore Roosevelt
92.8%
Thomas Jefferson
92.1%
Victoria
91.8%
Benito Mussolini
91.3%
Gaius Julius Caesar
91.1%
Alexander III the Great
90.6%
Tutankhamun
90.5%
Ivan IV the Terrible
88%
Peter I the Great
82%
% Correct
Francisco Franco
81%
Boris Yeltsin
80.6%
Indira Gandhi
80.2%
Hirohito
76.9%
Xi Jinping
75.1%
Benazir Bhutto
66.5%
Qin Shi Huang
65.9%
Ruhollah Khomeini
57.7%
Gamal Abdel Nasser
54.1%
Haile Selassie I
43.7%
Fran├žois Duvalier
41.6%
Jacob Zuma
29.5%
Walter Ulbricht
15.1%

You're not logged in!

Compare scores with friends on all Sporcle quizzes.
Sign Up with Email
OR
Log In

You Might Also Like...

Show Comments

Extras

Top Quizzes Today


Score Distribution

Your Account Isn't Verified!

In order to create a playlist on Sporcle, you need to verify the email address you used during registration. Go to your Sporcle Settings to finish the process.